| 000 | 00378cam a2200157ua 4500 | ||
|---|---|---|---|
| 041 |
_aeng _h |
||
| 082 |
_a320.1 _bGOU/PO |
||
| 100 | _aGough, J.W . | ||
| 245 |
_aPolitical philosophy / _cJ.W.Gough. _hTextual Documents |
||
| 250 |
_a1 / _b. |
||
| 260 |
_a : _bOxford at the Clarendon Press , _c1956. |
||
| 300 | _a204 ; . | ||
| 504 | _a | ||
| 942 | _cBK | ||
| 999 |
_c2249 _d2249 |
||